Women empowerment (Record no. 179590)

MARC details
000 -LEADER
fixed length control field 00354nam a2200145Ia 4500
008 - FIXED-LENGTH DATA ELEMENTS--GENERAL INFORMATION
fixed length control field 230917s9999||||xx |||||||||||||| ||und||
040 ## - CATALOGING SOURCE
-- 217997
Original cataloging agency VIVEKANANDA LIBRARY
041 ## - Language
-- English
082 ## - DDC NUMBER
Classification number 301.412 R246W
100 ## - MAIN ENTRY--PERSONAL NAME
Personal name Reddy, K Rajender
245 #0 - TITLE STATEMENT
Title Women empowerment
260 ## - PUBLICATION, DISTRIBUTION, ETC. (IMPRINT)
Place of publication, distribution, etc New Delhi
Name of publisher, distributor, etc APM Publishing
Date of publication, distribution, etc 2013
300 ## - PHYSICAL DESCRIPTION
Pages x, 156 p.
942 ## - ADDED ENTRY ELEMENTS (KOHA)
Koha item type Books
Holdings
Withdrawn status Lost status Damaged status Not for loan Location (home branch) Sublocation or collection (holding branch) Date acquired Koha issues (times borrowed) Koha full call number Accession No. Koha date last seen Koha item type
        VIVEKANANDA LIBRARY VIVEKANANDA LIBRARY 11/07/2014   301.412 R246W 345904 17/09/2023 Books
        VIVEKANANDA LIBRARY VIVEKANANDA LIBRARY 11/07/2014   301.412 R246W 345905 17/09/2023 Books
© Designed and Maintained by Vivekananda Library, MDU Rohtak